Welche Phobien/Ängste sind gemeint? (Sehr Schwierig) - Statistiken

Allgemein
  • Dieses Quiz wurde 92 mal gespielt
  • Das Durchschnittsergebnis liegt bei 6 aus 16
Antwortstatistiken
Fachbezeichnung Angst vor ... % Korrekt
Klaustrophobie engen Räumen
97%
Arachnophobie Spinnen
94%
Aquaphobie/Hydrophobie Wasser
82%
Akrophobie Höhen
56%
Aviophobie dem Fliegen
50%
Nekrophobie Leichen
49%
Ophidiophobie Schlangen
35%
Xenophobie Fremden
33%
Lygophobie der Dunkelheit
32%
Emetophobie Erbrochenem
23%
Coulrophobie Clowns
22%
Kynophobie Hunden
22%
Iatrophobie Ärzten
17%
Trypanophobie Spritzen
15%
Enochlophobie Menschenmassen
8%
Pediophobie Puppen
4%
Keine übereinstimmenden Quizze gefunden
Verteilung der Resultate
Anzahl Personen mit jedem Resultat
Perzentil nach korrekt beantworteten Fragen
Ihre Resultats-Entwicklung
Sie haben dieses Quiz noch nicht gespielt